Southville International School and Colleges
Your cart is empty.
  • Cart
  • Lists
    Public lists Eva Luna New books Lux_list list_1
    Your lists Log in to create your own lists
  • Log in to your account
  • Your cookies
  • Search history
Southville International School and Colleges
  • Advanced search
  • Recent comments
  • Most popular
  • Libraries

Log in to your account

Log in with GOOGLE


If you do not have an external account, but do have a local account, you can still log in:

  1. Home
  2. MARC view: The big felt burger :
Normal view MARC view ISBD view

The big felt burger : (Record no. 16802)

[ view plain ]
MARC details
000 -LEADER
fixed length control field 01041pam a2200325 i 4500
001 - CONTROL NUMBER
control field 4107081
003 - CONTROL NUMBER IDENTIFIER
control field OSt
005 - DATE AND TIME OF LATEST TRANSACTION
control field 20140310182838.0
008 - FIXED-LENGTH DATA ELEMENTS--GENERAL INFORMATION
fixed length control field 760802s1977 nyua j 001 0 eng
010 ## - LIBRARY OF CONGRESS CONTROL NUMBER
LC control number 75014843
040 ## - CATALOGING SOURCE
Original cataloging agency DLC
Transcribing agency DLC
Modifying agency DLC
042 ## - AUTHENTICATION CODE
Authentication code lcac
050 00 - LIBRARY OF CONGRESS CALL NUMBER
Classification number TT 160
Item number .T279 1977
082 00 - DEWEY DECIMAL CLASSIFICATION NUMBER
Classification number M 745.5
Item number T24 1977
100 1# - MAIN ENTRY--PERSONAL NAME
Personal name Temko, Florence.
245 14 - TITLE STATEMENT
Title The big felt burger :
Remainder of title and other crafts projects to relish /
Statement of responsibility, etc Temko, Florence ; illustrated by Winchester, Linda
260 ## - PUBLICATION, DISTRIBUTION, ETC. (IMPRINT)
Place of publication, distribution, etc Middletown, Connecticut :
Name of publisher, distributor, etc Weekly Reader Books,
Date of publication, distribution, etc c1977.
300 ## - PHYSICAL DESCRIPTION
Extent 96 p.
Other physical details ill. ;
Dimensions 18 cm.
500 ## - GENERAL NOTE
General note Includes indexes.
520 ## - SUMMARY, ETC.
Summary, etc Instructions for creating and decorating a variety of items with easily available materials.
521 ## - TARGET AUDIENCE NOTE
Target audience note
526 ## - STUDY PROGRAM INFORMATION NOTE
Reading level 1210L-1700L
541 ## - IMMEDIATE SOURCE OF ACQUISITION NOTE
-- 1
562 ## - COPY AND VERSION IDENTIFICATION NOTE
Number of copies 1
650 #0 - SUBJECT ADDED ENTRY--TOPICAL TERM
Topical term or geographic name as entry element Handicraft
General subdivision Juvenile literature.
650 #1 - SUBJECT ADDED ENTRY--TOPICAL TERM
Topical term or geographic name as entry element Handicraft.
700 1# - ADDED ENTRY--PERSONAL NAME
Personal name Winchester, Linda.
906 ## - LOCAL DATA ELEMENT F, LDF (RLIN)
a 7
b cbc
c orignew
d 1
e ocip
f 19
g y-gencatlg
942 ## - ADDED ENTRY ELEMENTS (KOHA)
Source of classification or shelving scheme Library of Congress Classification
Koha item type Books
Call number prefix
Holdings
Withdrawn status Lost status Source of classification or shelving scheme Damaged status Home library Current library Shelving location Date acquired Source of acquisition Total Checkouts Full call number Barcode Date last seen Copy number Price effective from Koha item type
    Library of Congress Classification   Archives Archives   06/07/2013 Donation   TT 160 .T279 1977 C1572 05/15/2018 1 06/07/2013 Books

The big felt burger :

APA

Temko F., Winchester L., . (1977). The big felt burger. Middletown, Connecticut: Weekly Reader Books.

Chicago

Temko Florence, Winchester Linda, . 1977. The big felt burger. Middletown, Connecticut: Weekly Reader Books.

Harvard

Temko F., Winchester L., . (1977). The big felt burger. Middletown, Connecticut: Weekly Reader Books.

MLA

Temko Florence, Winchester Linda, . The big felt burger. Middletown, Connecticut: Weekly Reader Books. 1977.

  • Place hold
  • Print
  • Cite
  • Add to your cart (remove)
  • Save record
    BIBTEX Dublin Core MARCXML MARC (non-Unicode/MARC-8) MARC (Unicode/UTF-8) MARC (Unicode/UTF-8, Standard) MODS (XML) RIS
  • More searches
    Search for this title in:
    Other Libraries (WorldCat) Other Databases (Google Scholar) Online Stores (Bookfinder.com) Open Library (openlibrary.org)

Exporting to Dublin Core...

SOUTHVILLE LIBRARY

Southville International School and Colleges Library

1281 Tropical Ave. Cor. Luxembourg St., BF Homes International, Las Pinas City

Tel. No. 8256374 / 252358 Loc. 117/146

Powered by Koha